[Event "Unterfranken-ch HA 63th"]
[Site "Schweinfurt"]
[Date "2012.04.13"]
[Round "8"]
[White "Tseluyko, Pavel"]
[Black "Birken, Nicolas"]
[Result "1/2-1/2"]
[WhiteElo "1135"]
[BlackElo "908"]
[PlyCount "124"]
[EventDate "2012.04.09"]
[EventType "swiss"]
[EventRounds "9"]
[EventCountry "GER"]
[SourceTitle "EXT 2015"]
[Source "ChessBase"]
[SourceDate "2014.11.20"]
[SourceVersion "1"]
[SourceVersionDate "2014.11.20"]
[SourceQuality "1"]

1. e4 e5 2. Nf3 Nc6 3. Bc4 Nf6 4. d3 Bc5 5. 0-0 d6 6. h3 Qe7 7. c3 Be6 8. Nbd2 0-0-0 9. b4 Nxb4 10. Bxe6+ Qxe6 11. Ng5 Qe7 12. cxb4 Bxb4 13. Qb3 Bxd2 14. Qxf7 Rhe8 15. Bxd2 Rd7 16. Qxe7 Rexe7 17. Bb4 h6 18. Nf3 Re6 19. Rfe1 c5 20. Rac1 b6 21. a4 a5 22. Ba3 Rc7 23. Rc2 d5 24. Bb2 d4 25. Nd2 Nd7 26. Nc4 g5 27. Bc1 Rg6 28. f3 h5 29. g4 h4 30. Bd2 Rcc6 31. Rb1 Kc7 32. Rcb2 Rg7 33. Be1 Rg8 34. Kf1 Rb8 35. Nxb6 Nxb6 36. Bxa5 Rd6 37. Rb5 Rc6 38. Bd2 Rf6 39. Ke2 Nd7 40. a5 Rg6 41. Kd1 Kc8 42. R5b3 Rxb3 43. Rxb3 Nb8 44. Rb5 Nd7 45. a6 Rxa6 46. Bxg5 Ra3 47. Ke2 Ra2+ 48. Bd2 Kd8 49. g5 Ke8 50. Rb1 Kf8 51. Rg1 Kg7 52. Rg4 Nf8 53. Rxh4 Ne6 54. Rh5 Kg6 55. Rh6+ Kf7 56. h4 Nf4+ 57. Kd1 Nxd3 58. g6+ Kg7 59. Bg5 Nf2+ 60. Ke1 Nd3+ 61. Kd1 Nf2+ 62. Ke1 Nd3+ 1/2-1/2

[Event "Unterfranken-ch HA 63th"]
[Site "Schweinfurt"]
[Date "2012.04.12"]
[Round "6"]
[White "Birken, Nicolas"]
[Black "Walther, Wolfgang"]
[Result "0-1"]
[WhiteElo "908"]
[BlackElo "1270"]
[PlyCount "124"]
[EventDate "2012.04.09"]
[EventType "swiss"]
[EventRounds "9"]
[EventCountry "GER"]
[SourceTitle "EXT 2015"]
[Source "ChessBase"]
[SourceDate "2014.11.20"]
[SourceVersion "1"]
[SourceVersionDate "2014.11.20"]
[SourceQuality "1"]

1. e4 e5 2. d4 exd4 3. Qxd4 c5 4. Qe5+ Qe7 5. Qd5 h6 6. Be3 d6 7. Bb5+ Nc6 8. Bxc6+ bxc6 9. Qxc6+ Qd7 10. Qxa8 Ne7 11. Nd2 Nc6 12. 0-0-0 Be7 13. Ngf3 0-0 14. h4 Ba6 15. Qxf8+ Kxf8 16. g4 Qxg4 17. Rdg1 Qxf3 18. Nxf3 Be2 19. Ng5 hxg5 20. hxg5 Ke8 21. g6 f6 22. Bh6 Bf8 23. Be3 Kd7 24. b3 Ne5 25. c4 Bf3 26. Rh4 Be2 27. Rgh1 Nxg6 28. Rf4 Nxf4 29. Bxf4 Bf3 30. Rh4 g5 31. Rh7+ Be7 32. Bg3 Bxe4 33. f4 Bxh7 34. fxg5 fxg5 35. a4 g4 36. Kb2 a5 37. Kc1 Ke6 38. Kd2 Kf5 39. Ke3 Bg5+ 40. Kf2 Ke4 41. Kg2 d5 42. cxd5 Kxd5 43. Be1 Bc2 44. Bxa5 Bxb3 45. Kg3 Bd1 46. Be1 Ke4 47. a5 Kd3 48. a6 Bf3 49. a7 c4 50. Bb4 Bd2 51. Ba3 Kd4 52. Bb2+ Bc3 53. Bc1 Ke5 54. Bh6 Kf5 55. Kf2 Bd4+ 56. Ke1 g3 57. Be3 Bxe3 58. a8Q Bxa8 59. Kf1 g2+ 60. Ke2 Kf4 61. Ke1 g1Q+ 62. Ke2 Bf3# 0-1

[Event "Unterfranken-ch HA 63th"]
[Site "Schweinfurt"]
[Date "2012.04.11"]
[Round "4"]
[White "Braetz, Yannick"]
[Black "Birken, Nicolas"]
[Result "0-1"]
[WhiteElo "874"]
[BlackElo "908"]
[PlyCount "100"]
[EventDate "2012.04.09"]
[EventType "swiss"]
[EventRounds "9"]
[EventCountry "GER"]
[SourceTitle "EXT 2015"]
[Source "ChessBase"]
[SourceDate "2014.11.20"]
[SourceVersion "1"]
[SourceVersionDate "2014.11.20"]
[SourceQuality "1"]

1. e4 e5 2. Nf3 Nc6 3. Nc3 Nf6 4. Bb5 Bb4 5. d3 d6 6. Nxe5 dxe5 7. a3 Bxc3+ 8. bxc3 0-0 9. Bxc6 bxc6 10. Bg5 Qd6 11. 0-0 h6 12. Bxf6 Qxf6 13. d4 Rd8 14. dxe5 Qe7 15. Qh5 g6 16. Qxh6 Qxe5 17. Rad1 Rxd1 18. Rxd1 Ba6 19. Qe3 f5 20. f3 f4 21. Qd4 Qxd4+ 22. cxd4 Kf7 23. g3 g5 24. gxf4 gxf4 25. e5 Bc4 26. Re1 Rd8 27. c3 Re8 28. h4 Kg6 29. Re4 Kf5 30. h5 Rh8 31. h6 Rxh6 32. Re1 Rh3 33. Kg2 Rg3+ 34. Kf2 Bd5 35. e6 Rxf3+ 36. Kg1 Re3 37. Rf1 Bxe6 38. Kf2 Rxc3 39. Re1 Rxa3 40. Re2 a5 41. Kg2 a4 42. Rb2 Re3 43. Ra2 Bxa2 44. Kf2 Bc4 45. d5 a3 46. dxc6 a2 47. Kg2 a1R 48. Kf2 Rb3 49. Kg2 Ra2+ 50. Kg1 Rb1# 0-1